Państwa z największą liczbą stref klimatycznych. - Statystyki

Ogólne statystyki
  • Ten quiz został rozwiązany 82 razy
  • Średni wynik to 15 z 19
Statystyki odpowiedzi
# Kraj % Poprawnych
16 Rosja
99%
12 Brazylia
97%
26 Stany Zjednoczone
97%
12 Kanada
96%
11 Meksyk
96%
18 Chiny
95%
13 Argentyna
92%
15 Australia
92%
17 Indie
92%
10 Peru
80%
10 RPA
80%
11 Kolumbia
75%
11 Wenezuela
73%
13 Turcja
67%
12 Hiszpania
63%
10 Ekwador
57%
13 Włochy
57%
10 Boliwia
56%
12 Pakistan
43%
Nie znaleziono quizów pasujących do podanych kryteriów
Rozkład punktacji
Procent ludzi z każdym wynikiem
Percentyl według liczby udzielonych odpowiedzi
Twoja historia wyników
Nie rozwiązałeś tego quizu